<?xml version="1.0" encoding="UTF-8"?>
<record
    xmlns:xsi="http://www.w3.org/2001/XMLSchema-instance"
    xsi:schemaLocation="http://www.loc.gov/MARC21/slim http://www.loc.gov/standards/marcxml/schema/MARC21slim.xsd"
    xmlns="http://www.loc.gov/MARC21/slim">

  <leader>02797cam a2200589 i 4500</leader>
  <controlfield tag="001">xx004908734</controlfield>
  <controlfield tag="003">NUKAT</controlfield>
  <controlfield tag="005">20260430101719.0</controlfield>
  <controlfield tag="008">200716s2020    pl     g     |001 0 pol c</controlfield>
  <datafield tag="020" ind1=" " ind2=" ">
    <subfield code="a">9788380988736</subfield>
    <subfield code="q">(oprawa twarda) :</subfield>
    <subfield code="c">z&#x142; 45,00</subfield>
  </datafield>
  <datafield tag="035" ind1=" " ind2=" ">
    <subfield code="a">(OCoLC)1183357314</subfield>
  </datafield>
  <datafield tag="035" ind1=" " ind2=" ">
    <subfield code="a">(NUKAT)xx004908734</subfield>
  </datafield>
  <datafield tag="040" ind1=" " ind2=" ">
    <subfield code="a">KAT U/MB</subfield>
    <subfield code="b">pol</subfield>
    <subfield code="e">rda</subfield>
    <subfield code="c">KAT U/MBs</subfield>
    <subfield code="d">KAT U/DB</subfield>
    <subfield code="d">WA 14/ABs</subfield>
    <subfield code="d">OLSZT 008/bak</subfield>
  </datafield>
  <datafield tag="045" ind1="2" ind2=" ">
    <subfield code="b">d1939</subfield>
    <subfield code="b">d1945</subfield>
  </datafield>
  <datafield tag="046" ind1=" " ind2=" ">
    <subfield code="k">2020</subfield>
    <subfield code="o">1949</subfield>
    <subfield code="p">1996</subfield>
  </datafield>
  <datafield tag="245" ind1="0" ind2="0">
    <subfield code="a">Relacje o pomocy udzielanej &#x17B;ydom przez Polak&#xF3;w w latach 1939-1945.</subfield>
    <subfield code="n">T. 2,</subfield>
    <subfield code="p">Dystrykt krakowski Generalnego Gubernatorstwa /</subfield>
    <subfield code="c">wyb&#xF3;r i opracowanie Sebastian Pi&#x105;tkowski ; Instytut Pami&#x119;ci Narodowej. Komisja &#x15A;cigania Zbrodni przeciwko Narodowi Polskiemu. Oddzia&#x142; w Lublinie.</subfield>
  </datafield>
  <datafield tag="260" ind1=" " ind2=" ">
    <subfield code="a">Lublin ;</subfield>
    <subfield code="a">Warszawa :</subfield>
    <subfield code="b">Instytut Pami&#x119;ci Narodowej. Komisja &#x15A;cigania Zbrodni przeciwko Narodowi Polskiemu,</subfield>
    <subfield code="c">2020.</subfield>
  </datafield>
  <datafield tag="300" ind1=" " ind2=" ">
    <subfield code="a">550 stron ;</subfield>
    <subfield code="c">25 cm.</subfield>
  </datafield>
  <datafield tag="336" ind1=" " ind2=" ">
    <subfield code="a">Tekst</subfield>
    <subfield code="b">txt</subfield>
    <subfield code="2">rdacontent</subfield>
  </datafield>
  <datafield tag="337" ind1=" " ind2=" ">
    <subfield code="a">Bez urz&#x105;dzenia po&#x15B;rednicz&#x105;cego</subfield>
    <subfield code="b">n</subfield>
    <subfield code="2">rdamedia</subfield>
  </datafield>
  <datafield tag="338" ind1=" " ind2=" ">
    <subfield code="a">Wolumin</subfield>
    <subfield code="b">nc</subfield>
    <subfield code="2">rdacarrier</subfield>
  </datafield>
  <datafield tag="380" ind1=" " ind2=" ">
    <subfield code="a">Ksi&#x105;&#x17C;ki</subfield>
  </datafield>
  <datafield tag="380" ind1=" " ind2=" ">
    <subfield code="a">Publikacje naukowe</subfield>
  </datafield>
  <datafield tag="388" ind1="1" ind2=" ">
    <subfield code="a">1901-2000</subfield>
  </datafield>
  <datafield tag="388" ind1="1" ind2=" ">
    <subfield code="a">1945-1989</subfield>
  </datafield>
  <datafield tag="388" ind1="1" ind2=" ">
    <subfield code="a">1989-2000</subfield>
  </datafield>
  <datafield tag="388" ind1="1" ind2=" ">
    <subfield code="a">2001-</subfield>
  </datafield>
  <datafield tag="490" ind1="1" ind2=" ">
    <subfield code="a">Centralny Projekt Badawczy IPN Dzieje &#x17B;yd&#xF3;w w Polsce oraz Relacje Polsko-&#x17B;ydowskie w Latach 1914-1989</subfield>
  </datafield>
  <datafield tag="504" ind1=" " ind2=" ">
    <subfield code="a">Bibliografia na stronach 511-515. Indeksy.</subfield>
  </datafield>
  <datafield tag="648" ind1=" " ind2="7">
    <subfield code="a">1901-2000</subfield>
    <subfield code="2">DBN</subfield>
    <subfield code="9">34996</subfield>
  </datafield>
  <datafield tag="648" ind1=" " ind2="7">
    <subfield code="a">1939-1945</subfield>
    <subfield code="2">DBN</subfield>
    <subfield code="9">36042</subfield>
  </datafield>
  <datafield tag="650" ind1=" " ind2="7">
    <subfield code="a">Dokumenty</subfield>
    <subfield code="2">DBN</subfield>
    <subfield code="9">40830</subfield>
  </datafield>
  <datafield tag="650" ind1=" " ind2="7">
    <subfield code="a">Holokaust</subfield>
    <subfield code="2">DBN</subfield>
    <subfield code="9">37427</subfield>
  </datafield>
  <datafield tag="650" ind1=" " ind2="7">
    <subfield code="a">II wojna &#x15B;wiatowa (1939-1945)</subfield>
    <subfield code="2">DBN</subfield>
    <subfield code="9">35099</subfield>
  </datafield>
  <datafield tag="650" ind1=" " ind2="7">
    <subfield code="a">Ratowanie &#x17B;yd&#xF3;w i pomoc &#x17B;ydom (1939-1945)</subfield>
    <subfield code="2">DBN</subfield>
    <subfield code="9">40960</subfield>
  </datafield>
  <datafield tag="650" ind1=" " ind2="7">
    <subfield code="a">Ukrywanie si&#x119; &#x17B;yd&#xF3;w (1939-1945)</subfield>
    <subfield code="2">DBN</subfield>
    <subfield code="9">40640</subfield>
  </datafield>
  <datafield tag="650" ind1=" " ind2="7">
    <subfield code="a">&#x17B;ydzi</subfield>
    <subfield code="2">DBN</subfield>
    <subfield code="9">35278</subfield>
  </datafield>
  <datafield tag="650" ind1=" " ind2="7">
    <subfield code="a">Wojna &#x15B;wiatowa (1939-1945)</subfield>
    <subfield code="x">&#x17B;ydzi</subfield>
    <subfield code="x">ratowanie</subfield>
    <subfield code="z">Polska</subfield>
    <subfield code="v">relacje osobiste Polak&#xF3;w.</subfield>
    <subfield code="2">kaba</subfield>
    <subfield code="9">16321</subfield>
  </datafield>
  <datafield tag="650" ind1=" " ind2="7">
    <subfield code="a">Wojna &#x15B;wiatowa (1939-1945)</subfield>
    <subfield code="x">&#x17B;ydzi</subfield>
    <subfield code="x">ratowanie</subfield>
    <subfield code="z">Polska</subfield>
    <subfield code="z">Krak&#xF3;w (region)</subfield>
    <subfield code="v">relacje osobiste Polak&#xF3;w.</subfield>
    <subfield code="2">kaba</subfield>
    <subfield code="9">40962</subfield>
  </datafield>
  <datafield tag="651" ind1=" " ind2="7">
    <subfield code="a">Dystrykt krakowski (1939-1945)</subfield>
    <subfield code="2">DBN</subfield>
    <subfield code="9">40963</subfield>
  </datafield>
  <datafield tag="655" ind1=" " ind2="7">
    <subfield code="a">Dokumenty</subfield>
    <subfield code="2">DBN</subfield>
    <subfield code="9">37215</subfield>
  </datafield>
  <datafield tag="655" ind1=" " ind2="7">
    <subfield code="a">Wydawnictwo &#x17A;r&#xF3;d&#x142;owe</subfield>
    <subfield code="2">DBN</subfield>
    <subfield code="9">35066</subfield>
  </datafield>
  <datafield tag="658" ind1=" " ind2=" ">
    <subfield code="a">Historia</subfield>
  </datafield>
  <datafield tag="700" ind1="1" ind2=" ">
    <subfield code="a">Pi&#x105;tkowski, Sebastian</subfield>
    <subfield code="d">(1970- ).</subfield>
    <subfield code="e">Redakcja</subfield>
    <subfield code="9">16263</subfield>
  </datafield>
  <datafield tag="710" ind1="2" ind2=" ">
    <subfield code="a">Instytut Pami&#x119;ci Narodowej - Komisja &#x15A;cigania Zbrodni przeciwko Narodowi Polskiemu.</subfield>
    <subfield code="b">Oddzia&#x142; (Lublin).</subfield>
    <subfield code="e">Instytucja sprawcza</subfield>
    <subfield code="9">14495</subfield>
  </datafield>
  <datafield tag="710" ind1="2" ind2=" ">
    <subfield code="a">Instytut Pami&#x119;ci Narodowej - Komisja &#x15A;cigania Zbrodni przeciwko Narodowi Polskiemu.</subfield>
    <subfield code="e">Wydawca</subfield>
    <subfield code="4">pbl</subfield>
    <subfield code="9">11792</subfield>
  </datafield>
  <datafield tag="830" ind1=" " ind2="0">
    <subfield code="a">Dzieje &#x17B;yd&#xF3;w w Polsce oraz Relacje Polsko-&#x17B;ydowskie w Latach 1914-1989</subfield>
    <subfield code="9">40637</subfield>
  </datafield>
  <datafield tag="920" ind1=" " ind2=" ">
    <subfield code="a">978-83-8098-873-6 (oprawa twarda) : z&#x142; 45,00</subfield>
  </datafield>
  <datafield tag="942" ind1=" " ind2=" ">
    <subfield code="2">ddc</subfield>
    <subfield code="c">BK_NM</subfield>
  </datafield>
  <datafield tag="999" ind1=" " ind2=" ">
    <subfield code="c">27876</subfield>
    <subfield code="d">27876</subfield>
  </datafield>
  <datafield tag="952" ind1=" " ind2=" ">
    <subfield code="0">0</subfield>
    <subfield code="1">0</subfield>
    <subfield code="2">ddc</subfield>
    <subfield code="4">0</subfield>
    <subfield code="7">0</subfield>
    <subfield code="8">K_mag</subfield>
    <subfield code="a">BIP</subfield>
    <subfield code="b">BIP</subfield>
    <subfield code="d">2020-11-30</subfield>
    <subfield code="e">D-36/2020</subfield>
    <subfield code="f">D</subfield>
    <subfield code="g">45.00</subfield>
    <subfield code="i">59979</subfield>
    <subfield code="l">0</subfield>
    <subfield code="o">59979</subfield>
    <subfield code="p">IPWK24084</subfield>
    <subfield code="r">2026-04-30 10:18:29</subfield>
    <subfield code="w">2026-04-30</subfield>
    <subfield code="y">BK_NM</subfield>
  </datafield>
</record>
